000
00307nam a22000977a 4500
008
150724b xxu||||| |||| 00| 0 eng d
010
_8
HCCRSARF:035
245
_a
HIGH COURT CRIMINAL SESSION NO.73 OF 1976 Uganda Vs Muhamudu Sebi
260
_a
High Court Kampala
500
_3
BEFORE: Hon. Mr. Justice M.C. Kantinti
999
_c
8158
_d
8158